| 000 | 00337nam a2200121Ia 4500 | ||
|---|---|---|---|
| 008 | 190722s9999 xx 000 0 und d | ||
| 020 | _a978-81-265-5423-2 | ||
| 100 | _aErwin Kreyszig | ||
| 245 | 0 | _aAdvanced Engineering Mathematics | |
| 260 |
_aNew Delhi _bJohn Wiley & Sons.Inc. (India) Asia Pvt. Ltd. _c2016 |
||
| 300 | _a1001 | ||
| 942 | _cBK | ||
| 999 |
_c479 _d479 |
||